000 00650cab a2200217 4500
001 WB3332-11
008 090401t1997 xxu||||| |||| 00| 0 eng d
035 _a(Sirsi) u80278
041 _aeng
245 _aPFI log jam
260 _c1997
350 _a0
490 _aConstruction News
_v(6528) 14 August 1997, 8(1)
520 _aThere are fears that many of the new PFI projects flowing into the crowded healthcare sector, are not going to see the light of day.
650 _aHEALTHCARE SECTOR
650 _aHOSPITAL PROJECTS
650 _aPFI
690 _aPROPERTY-PROPERTY FINANCE AND INVESTMENT
942 _n0
948 _c14/08/1997
999 _c50543
_d50543